000
00349nam a2200133Ia 4500
008
151001s9999||||xx |||||||||||||| ||und||
100
_a
हरी नारायण आपटे
245
_a
उषःकाल
250
_a
7
260
_b
आर्यभूषण मुद्रणालय
260
_c
1953
300
_a
603
365
_b
8
999
_c
950220
_d
950217